Cryogenic Technology / (Record no. 32149)

000 -LEADER
fixed length control field 00482 a2200169 4500
003 - CONTROL NUMBER IDENTIFIER
control field OSt
005 - DATE AND TIME OF LATEST TRANSACTION
control field 20260409102934.0
008 - FIXED-LENGTH DATA ELEMENTS--GENERAL INFORMATION
fixed length control field 260408b ||||| |||| 00| 0 eng d
040 ## - CATALOGING SOURCE
Transcribing agency .
082 ## - DEWEY DECIMAL CLASSIFICATION NUMBER
Classification number 621.59
Item number V2221
245 ## - TITLE STATEMENT
Title Cryogenic Technology /
260 ## - PUBLICATION, DISTRIBUTION, ETC.
Name of publisher, distributor, etc. John Wiley & Sons Inc,
Place of publication, distribution, etc. New York :
Date of publication, distribution, etc. 1963.
300 ## - PHYSICAL DESCRIPTION
Extent 585 p.
440 ## - SERIES STATEMENT/ADDED ENTRY--TITLE
9 (RLIN) 6749
Title University of California Engineering and Physical Sciences Extension Series
700 ## - ADDED ENTRY--PERSONAL NAME
9 (RLIN) 6748
Personal name Vance, Robert W.
942 ## - ADDED ENTRY ELEMENTS (KOHA)
Source of classification or shelving scheme
Koha item type Books
Holdings
Withdrawn status Lost status Source of classification or shelving scheme Damaged status Not for loan Collection code Permanent Location Current Location Shelving location Date acquired Source of acquisition Cost, normal purchase price Full call number Barcode Date last seen Cost, replacement price Price effective from Koha item type
          Non-fiction IMU Kolkata IMU Kolkata Reference 2026-04-09 30 22885.68 621.59 V2221 15251 2026-04-09 30514.25 2026-04-09 Books
Designed and Maintained by IMU-KC Library, Kolkata Campus © Copyright All Rights Reserved

webs counters

Powered by Koha